Commercial banking
| Main Author: | |
|---|---|
| Other Authors: | , , |
| Format: | Book |
| Published: |
Englewood Cliffs, N.J. :
Prentice-Hall ,
1984
|
| Edition: | 3rd ed |
| Subjects: |
MARC
| LEADER | 00000cam a2200000 7i4500 | ||
|---|---|---|---|
| 001 | 0000004170 | ||
| 005 | 20050622.0 | ||
| 020 | |a 0131523228 | ||
| 040 | |a INS | ||
| 090 | 0 | 0 | |a HG2491. |b C64 1984 |
| 100 | 1 | |a Reed, Edward Wilson | |
| 245 | 1 | 0 | |a Commercial banking |c Edward Wilson Reed |
| 250 | |a 3rd ed | ||
| 260 | |a Englewood Cliffs, N.J. : |b Prentice-Hall , |c 1984 | ||
| 300 | |a viip : |b 502p ; |c 23 cm. | ||
| 650 | 0 | 0 | |a Banks and banking |z United States |
| 700 | 1 | |a Cotter, Richard V. | |
| 700 | 1 | |a Gill, Edward K. | |
| 700 | 1 | |a Smith, Richard K. | |
| 999 | |a 0000000040 |b BOOK |c Open Shelf |e Default branch | ||